[Event "21st Open"]
[Site "Oberwart"]
[Date "1999.07.11"]
[Round "2.23"]
[White "JURKOVIC, Hrvoje"]
[Black "SCHWANINGER, Wolfgang"]
[Result "1/2-1/2"]
[WhiteElo "2370"]
[BlackElo "2089"]
[PlyCount "107"]
[EventDate "1999.07.11"]

1. e4 g6 2. Nc3 Bg7 3. g3 d6 4. Bg2 Nc6 5. Nge2 e5 6. O-O Nge7 7. Nd5 O-O 8. c3
b6 9. d4 Ba6 10. Re1 Bxe2 11. Rxe2 exd4 12. Nxe7+ Qxe7 13. e5 Qd7 14. Qa4 d5
15. cxd4 Nxe5 16. Qxd7 Nxd7 17. Bxd5 Rae8 18. Rxe8 Rxe8 19. Be3 c5 20. Rd1 cxd4
21. Bxd4 Bxd4 22. Rxd4 Re7 23. b4 Kg7 24. Kf1 f5 25. f4 Nf6 26. Bc6 h6 27. a4
Kf7 28. h3 Re3 29. Kf2 Rc3 30. Bf3 Ke7 31. g4 Ke6 32. b5 g5 33. fxg5 hxg5 34.
gxf5+ Kxf5 35. Bb7 Ke5 36. Rd8 Ra3 37. Ra8 Rxa4 38. Ba6 Kf4 39. Rxa7 Ra2+ 40.
Ke1 Ne4 41. Kd1 Nf2+ 42. Kc1 Nxh3 43. Rb7 g4 44. Rxb6 g3 45. Bb7 g2 46. Bxg2
Rxg2 47. Rb8 Nf2 48. Kc2 Ke5 49. Kb3 Kd5 50. Kb4 Ne4 51. Rh8 Rb2+ 52. Ka5 Nd6
53. Rh5+ Kc4 54. Rh4+ {.} 1/2-1/2

[Event "21st Open"]
[Site "Oberwart"]
[Date "1999.07.11"]
[Round "2.24"]
[White "GAERTNER, Guntram"]
[Black "HOFBAUER, Peter"]
[Result "1-0"]
[WhiteElo "2336"]
[BlackElo "2082"]
[PlyCount "71"]
[EventDate "1999.07.11"]

1. d4 d5 2. c4 c6 3. cxd5 cxd5 4. Nf3 g6 5. Nc3 Nf6 6. Bf4 Nc6 7. e3 Bg7 8. h3
O-O 9. Be2 e6 10. O-O a6 11. Rc1 Bd7 12. a3 Na7 13. Qb3 Bc6 14. Ne5 Nc8 15.
Nxc6 bxc6 16. Na4 Ne7 17. Qb7 Nd7 18. Bd6 Re8 19. Bxa6 Nf5 20. Bc7 Qg5 21. Bf4
Qe7 22. Qxc6 e5 23. Bh2 exd4 24. Bb5 dxe3 25. Qxd7 Qxd7 26. Bxd7 e2 27. Rfe1 d4
28. Bxe8 d3 29. Bf4 Rxe8 30. Nc5 Bxb2 31. Nxd3 Bxa3 32. Ra1 Bf8 33. Ra2 Rd8 34.
Nc1 Nd4 35. Nxe2 Bb4 36. Rb1 {.} 1-0

[Event "21st Open"]
[Site "Oberwart"]
[Date "1999.07.11"]
[Round "2.25"]
[White "NIELSEN, Max"]
[Black "LAKOS, Nikoletta"]
[Result "0-1"]
[WhiteElo "2256"]
[BlackElo "2335"]
[PlyCount "94"]
[EventDate "1999.07.11"]

1. e4 c5 2. Nf3 Nc6 3. d4 cxd4 4. Nxd4 g6 5. c4 Nf6 6. Nc3 d6 7. Be2 Nxd4 8.
Qxd4 Bg7 9. O-O O-O 10. Bg5 Be6 11. Qd2 Qa5 12. Rac1 a6 13. f3 Rfc8 14. b3 b5
15. Nd5 Qxd2 16. Bxd2 Nxd5 17. cxd5 Bd4+ 18. Kh1 Bd7 19. Rxc8+ Rxc8 20. Rc1
Rxc1+ 21. Bxc1 f5 22. g4 Kf7 23. g5 fxe4 24. fxe4 Bh3 25. Bd2 Bb6 26. Bf3 Bf1
27. b4 Bd4 28. Bc1 e5 29. Bg2 Bd3 30. Bf3 Bf1 31. Bg2 Be2 32. h3 Ke7 33. Kh2
Bc3 34. a3 Kd8 35. Kg3 Be1+ 36. Kh2 Kc7 37. Kg1 Bd3 38. Bf3 Kb6 39. Be3+ Kb7
40. Bc1 a5 41. bxa5 Ka6 42. Kg2 Kxa5 43. Bb2 Bd2 44. h4 Kb6 45. Kf2 Kc5 46. Bg2
Kc4 47. Ba1 Kb3 0-1

[Event "21st Open"]
[Site "Oberwart"]
[Date "1999.07.11"]
[Round "2.26"]
[White "SCHWAB, Rene"]
[Black "KOVACS, Gabor"]
[Result "0-1"]
[WhiteElo "2281"]
[BlackElo "2331"]
[PlyCount "92"]
[EventDate "1999.07.11"]

1. e4 c5 2. Nf3 e6 3. b3 b6 4. a4 Bb7 5. Nc3 Nc6 6. Bb5 Nd4 7. Bd3 Nf6 8. O-O
Be7 9. Re1 O-O 10. Ba3 d6 11. Nxd4 cxd4 12. Ne2 Nxe4 13. Nxd4 Nc5 14. Bxc5 bxc5
15. Nxe6 fxe6 16. Qh5 h6 17. Rxe6 Rf6 18. Rae1 Bf8 19. Re8 Qd7 20. Bc4+ Kh8 21.
f3 Rxe8 22. Rxe8 Bc6 23. Re1 g6 24. Qh4 Bg7 25. Qg3 Bf8 26. Bd3 Kg7 27. a5 d5
28. Qe5 Bd6 29. Qe3 Qc7 30. h4 Qxa5 31. c4 d4 32. Qe2 Qc7 33. h5 gxh5 34. Bc2
Kf8 35. f4 Bxf4 36. Qxh5 Bg5 37. Bd3 Qd6 38. Qg4 Qd7 39. Qe2 Qf7 40. Qe5 Bxd2
41. Qxc5+ Kg8 42. Re5 Be3+ 43. Rxe3 dxe3 44. Qxe3 Re6 45. Qg3+ Qg7 46. Qf2 Rd6
0-1

[Event "21st Open"]
[Site "Oberwart"]
[Date "1999.07.11"]
[Round "2.27"]
[White "WUKITS, Rene"]
[Black "ZSINKA, Laszlo"]
[Result "1-0"]
[WhiteElo "2225"]
[BlackElo "2329"]
[PlyCount "97"]
[EventDate "1999.07.11"]

1. d4 Nf6 2. c4 e6 3. Nc3 Bb4 4. e3 b6 5. Bd3 Bb7 6. Nf3 Ne4 7. O-O Bxc3 8.
bxc3 f5 9. Ne1 O-O 10. f3 Nf6 11. a4 Nc6 12. Ra2 d6 13. c5 dxc5 14. Qb3 cxd4
15. exd4 Nd5 16. Re2 Qf6 17. Nc2 Rad8 18. Rfe1 Bc8 19. Kh1 Na5 20. Qb2 c5 21.
c4 Nb4 22. Nxb4 cxb4 23. d5 Qxb2 24. Bxb2 Rfe8 25. g4 Kf7 26. gxf5 exd5 27.
Rxe8 Rxe8 28. Rxe8 Kxe8 29. cxd5 Kf7 30. Kg2 Bd7 31. Kg3 Nb7 32. Kf4 Nc5 33.
Be4 Nxa4 34. Bd4 Nc5 35. Ke5 Nb3 36. Bb2 a5 37. Kd6 Be8 38. Bxg7 Kxg7 39. Ke7
Bh5 40. f6+ Kg8 41. d6 Nc5 42. Bd5+ Kh8 43. f7 Bxf7 44. Bxf7 a4 45. d7 Nxd7 46.
Kxd7 b3 47. f4 Kg7 48. Ke7 b2 49. Ba2 1-0

[Event "21st Open"]
[Site "Oberwart"]
[Date "1999.07.11"]
[Round "2.28"]
[White "GLADYSZEV, Oleg"]
[Black "MAYR, Thomas"]
[Result "1-0"]
[WhiteElo "2329"]
[BlackElo "2065"]
[PlyCount "54"]
[EventDate "1999.07.11"]

1. d4 d5 2. c4 c6 3. Nf3 Nf6 4. Nc3 e6 5. Bg5 dxc4 6. e4 b5 7. e5 h6 8. Bh4 g5
9. Nxg5 hxg5 10. Bxg5 Nbd7 11. exf6 Bb7 12. g3 Qb6 13. Bg2 O-O-O 14. O-O Ne5
15. dxe5 Rxd1 16. Raxd1 c5 17. Rfe1 Bxg2 18. Kxg2 Qc6+ 19. Ne4 a5 20. f3 b4 21.
Rd2 Qa4 22. Ra1 Kc7 23. h4 Qb5 24. a4 Qc6 25. Be3 c3 26. bxc3 c4 27. Rd4 Bc5
1-0

[Event "21st Open"]
[Site "Oberwart"]
[Date "1999.07.11"]
[Round "2.29"]
[White "KORPICS, Zsolt"]
[Black "WIATER, Michael"]
[Result "1/2-1/2"]
[WhiteElo "2310"]
[BlackElo "2065"]
[PlyCount "44"]
[EventDate "1999.07.11"]

1. e4 e6 2. b3 d5 3. Bb2 Nf6 4. exd5 exd5 5. Qe2+ Qe7 6. Bxf6 Qxe2+ 7. Bxe2
gxf6 8. Nf3 Bg7 9. Nc3 c6 10. O-O O-O 11. Rfe1 Nd7 12. Rad1 Ne5 13. Nd4 f5 14.
Nf3 Ng4 15. h3 Nf6 16. d4 Ne4 17. Nb1 Bd7 18. Ne5 Be6 19. f3 Ng3 20. f4 Bh6 21.
Nd3 Bg7 22. Ne5 Bh6 {.} 1/2-1/2

[Event "21st Open"]
[Site "Oberwart"]
[Date "1999.07.11"]
[Round "2.30"]
[White "ZELENIKA, Srdjan"]
[Black "LASCHET, Ewald"]
[Result "1-0"]
[WhiteElo "2286"]
[BlackElo "2062"]
[PlyCount "107"]
[EventDate "1999.07.11"]

1. e4 c5 2. Nf3 Nc6 3. d4 cxd4 4. Nxd4 e5 5. Nb5 d6 6. c4 Be7 7. N1c3 a6 8. Na3
Be6 9. Be2 Bg5 10. O-O Bxc1 11. Rxc1 Nf6 12. Nc2 O-O 13. Qd2 Qd7 14. Rfd1 Rfd8
15. b3 Rac8 16. Qe3 Ne7 17. Na4 Qc6 18. f3 Nd7 19. Qd2 Nf8 20. Kh1 Nfg6 21. Bf1
Qc7 22. Ne3 Nc6 23. Nd5 Qa5 24. Qxa5 Nxa5 25. Nab6 Rb8 26. Ne3 Nc6 27. Nc2 Kf8
28. Rd2 Ke7 29. b4 Nf8 30. b5 Na7 31. Nb4 a5 32. N4d5+ Ke8 33. Nc7+ Ke7 34.
Ncd5+ Ke8 35. Kg1 Nd7 36. Nxd7 Rxd7 37. Nb6 Rdd8 38. Rcd1 Ke7 39. Rd3 Nc8 40.
c5 Nxb6 41. cxb6 Rd7 42. R1d2 Rbd8 43. Ra3 Ra8 44. Rc3 Kd8 45. g3 Rc8 46. Ra3
Ke7 47. Rxa5 d5 48. Ra7 d4 49. a4 Rc1 50. Kf2 Kd6 51. Ra8 Bc4 52. Bh3 Re7 53.
Rc8 Rh1 54. Rxc4 1-0

[Event "21st Open"]
[Site "Oberwart"]
[Date "1999.07.11"]
[Round "2.31"]
[White "BECK, Hartmuth"]
[Black "ZOEBISCH, Herbert"]
[Result "1-0"]
[WhiteElo "2235"]
[BlackElo "2283"]
[PlyCount "49"]
[EventDate "1999.07.11"]

1. d4 d5 2. c4 dxc4 3. Nf3 Nf6 4. Nc3 c5 5. d5 e6 6. e4 exd5 7. e5 Nfd7 8. Bg5
Be7 9. Bxe7 Qxe7 10. Nxd5 Qd8 11. Qc2 Nb6 12. O-O-O Nxd5 13. Bxc4 O-O 14. Rxd5
Qe7 15. h4 Bg4 16. Ng5 g6 17. Ne4 Bf5 18. h5 Nc6 19. hxg6 Bxg6 20. f4 Nb4 21.
Qe2 Nxd5 22. Bxd5 Rad8 23. Nf6+ Kg7 24. Qg4 Rxd5 25. Rxh7# 1-0

[Event "21st Open"]
[Site "Oberwart"]
[Date "1999.07.11"]
[Round "2.46"]
[White "SULYOK, Michael"]
[Black "DANNER, Georg"]
[Result "1/2-1/2"]
[WhiteElo "2253"]
[BlackElo "2405"]
[PlyCount "149"]
[EventDate "1999.07.11"]

1. c4 e5 2. Nc3 g6 3. Nf3 Bg7 4. d4 exd4 5. Nxd4 Nf6 6. g3 O-O 7. Bg2 c6 8. O-O
d5 9. cxd5 Nxd5 10. Nxd5 cxd5 11. Be3 Nc6 12. Nxc6 bxc6 13. Bd4 Re8 14. Re1 Bf5
15. Rc1 Bxd4 16. Qxd4 Qa5 17. Qc3 Qxc3 18. Rxc3 Re6 19. e3 Rb8 20. b3 g5 21.
Rc5 Rb6 22. Ra5 Re7 23. Rd1 h6 24. Rd4 Kg7 25. Rda4 Rbb7 26. Rc5 Rb6 27. Rca5
Rbb7 28. Rc5 Bd7 29. Bf1 Kf6 30. Rd4 Ke5 31. b4 Kd6 32. a3 Bf5 33. Be2 Be4 34.
Bd1 Rb5 35. Rc3 a5 36. f3 axb4 37. axb4 Bf5 38. e4 Be6 39. Ba4 Rb6 40. exd5
Bxd5 41. Rc5 Re5 42. Bb3 Ke6 43. f4 gxf4 44. gxf4 Rf5 45. Bc2 Rh5 46. Bd1 Rf5
47. Bg4 Ra6 48. Bxf5+ Kxf5 49. Ra5 Rb6 50. b5 Kg4 51. bxc6 Bxc6 52. Ra2 f5 53.
Kf2 Be4 54. Rd1 Kxf4 55. Rg1 h5 56. Rg3 h4 57. Rg1 Rb3 58. Rf1 Kg4 59. Ke1 Bf3
60. Ra4+ Be4 61. Rf2 Kh3 62. Raa2 Bf3 63. Kd2 Be4 64. Ke1 Kg4 65. Ra4 Kh3 66.
Raa2 Re3+ 67. Rae2 Rc3 68. Ra2 Re3+ 69. Rae2 Ra3 70. Rb2 Rc3 71. Ra2 Bf3 72.
Kd2 Rb3 73. Kc2 Re3 74. Kd2 Rb3 75. Kc2 1/2-1/2

[Event "21st Open"]
[Site "Oberwart"]
[Date "1999.07.12"]
[Round "3.1"]
[White "KOSTIC, Vladimir"]
[Black "DVOIRYS, Semen"]
[Result "1/2-1/2"]
[WhiteElo "2402"]
[BlackElo "2590"]
[PlyCount "44"]
[EventDate "1999.07.12"]

1. d4 Nf6 2. c4 g6 3. Nc3 d5 4. cxd5 Nxd5 5. e4 Nxc3 6. bxc3 Bg7 7. Be3 c5 8.
Qd2 Qa5 9. Rc1 cxd4 10. cxd4 Qxd2+ 11. Kxd2 O-O 12. Bd3 Rd8 13. Ne2 Nc6 14. Rc4
f5 15. f3 fxe4 16. fxe4 Bg4 17. Rb1 Rd7 18. d5 Ne5 19. Rcb4 Nxd3 20. Kxd3 b6
21. Nd4 Rb7 22. a4 Rc8 {.} 1/2-1/2

[Event "21st Open"]
[Site "Oberwart"]
[Date "1999.07.12"]
[Round "3.2"]
[White "EINGORN, Vereslav"]
[Black "LENDWAI, Reinhard"]
[Result "1-0"]
[WhiteElo "2589"]
[BlackElo "2371"]
[PlyCount "118"]
[EventDate "1999.07.12"]

1. d4 Nf6 2. Nf3 e6 3. c4 c5 4. e3 cxd4 5. exd4 d5 6. Nc3 Bb4 7. cxd5 Nxd5 8.
Bd2 O-O 9. Bd3 Nc6 10. O-O Be7 11. Nxd5 Qxd5 12. Bc3 Bd7 13. Re1 Bf6 14. Be4
Qd6 15. Qb3 Rab8 16. Rad1 Ne7 17. d5 Bxc3 18. dxe6 Bxe6 19. Qxc3 Qb6 20. Ng5
Bf5 21. Qe5 Bxe4 22. Qxe4 Ng6 23. h4 h6 24. Nf3 Rfd8 25. b3 Qa5 26. a4 Qb6 27.
b4 Qc6 28. Rxd8+ Rxd8 29. h5 Qxe4 30. Rxe4 Nf8 31. Re7 Rd7 32. Re8 f6 33. b5 a6
34. bxa6 bxa6 35. Ra8 Rd6 36. Nh4 Kf7 37. Nf5 Rd5 38. Ra7+ Nd7 39. Ne3 Rd6 40.
Nc4 Rd4 41. Nb6 Ke6 42. Nxd7 Rxd7 43. Rxa6+ Kf5 44. Ra5+ Kg4 45. Kh2 f5 46. f3+
Kf4 47. Kh3 Rd3 48. Ra7 Kg5 49. Rxg7+ Kxh5 50. a5 f4 51. Ra7 Ra3 52. a6 Ra1 53.
Kh2 Kh4 54. Ra8 Kh5 55. g3 fxg3+ 56. Kxg3 Kg6 57. a7 Kg7 58. f4 Ra3+ 59. Kf2
Ra2+ {Klappe!} 1-0

[Event "21st Open"]
[Site "Oberwart"]
[Date "1999.07.12"]
[Round "3.3"]
[White "LAKOS, Nikoletta"]
[Black "LERNER, Konstantin"]
[Result "1/2-1/2"]
[WhiteElo "2335"]
[BlackElo "2588"]
[PlyCount "120"]
[EventDate "1999.07.12"]

1. e4 c5 2. Nf3 d6 3. d4 cxd4 4. Nxd4 Nf6 5. Nc3 Nc6 6. Bg5 e6 7. Qd2 a6 8.
O-O-O h6 9. Bf4 Bd7 10. Nxc6 Bxc6 11. f3 d5 12. Qe1 Bb4 13. a3 Ba5 14. b4 Bb6
15. exd5 Bxd5 16. Be5 O-O 17. Qh4 Be3+ 18. Kb2 Bg5 19. Qd4 Bc6 20. a4 Qxd4 21.
Bxd4 Rfc8 22. b5 axb5 23. axb5 Bd5 24. Be2 Bc4 25. h4 Bf4 26. Bxf6 gxf6 27. Rd4
Bxe2 28. Rxf4 Bc4 29. Rxf6 Rc5 30. Rh3 Bxb5 31. Rg3+ Kf8 32. Rxh6 Be8 33. Ne4
Rb5+ 34. Kc1 Ra1+ 35. Kd2 Rd5+ 36. Ke3 Bc6 37. Rh8+ Ke7 38. h5 Re1+ 39. Kf2 Rc1
40. c3 Rdd1 41. h6 Bxe4 42. fxe4 Rc2+ 43. Kf3 Rxc3+ 44. Kf4 Rxg3 45. Kxg3 Kf6
46. Rb8 Rh1 47. Rxb7 Rxh6 48. e5+ Kg6 49. Kg4 Rh1 50. Rb8 Kg7 51. Kf4 Rf1+ 52.
Ke4 Ra1 53. g4 Rf1 54. Ra8 Kh6 55. Rg8 Rf2 56. Ke3 Ra2 57. Kf4 Ra4+ 58. Kf3 Rb4
59. Rh8+ Kg7 60. Rc8 Ra4 {.} 1/2-1/2

[Event "21st Open"]
[Site "Oberwart"]
[Date "1999.07.12"]
[Round "3.4"]
[White "KOVACS, Gabor"]
[Black "MALAKHOV, Vladimir"]
[Result "1/2-1/2"]
[WhiteElo "2331"]
[BlackElo "2570"]
[PlyCount "93"]
[EventDate "1999.07.12"]

1. d4 Nf6 2. Nf3 c5 3. d5 g6 4. Nc3 Bg7 5. e4 d6 6. Be2 O-O 7. O-O e6 8. Nd2
exd5 9. exd5 Nbd7 10. Nc4 Nb6 11. Bf4 Nxc4 12. Bxc4 a6 13. a4 Nh5 14. Be3 f5
15. Be2 Nf6 16. Qd2 Re8 17. Rfe1 Bd7 18. Bf4 Qc7 19. Bf1 Nh5 20. Bh6 Bh8 21.
Rxe8+ Rxe8 22. Re1 Rxe1 23. Qxe1 Be5 24. Bd2 Nf6 25. Bc4 Qd8 26. Qe2 Ng4 27. g3
Bd4 28. Nd1 Bxa4 29. Bf4 Ne5 30. b3 Nxc4 31. bxa4 b5 32. axb5 axb5 33. Qe6+ Kg7
34. Ne3 Ne5 35. h4 Nf7 36. h5 Bf6 37. g4 Bg5 38. hxg6 hxg6 39. gxf5 Bxf4 40.
Qxg6+ Kh8 41. Qxf7 Qg8+ 42. Qxg8+ Kxg8 43. Kg2 Kf7 44. Kf3 Be5 45. Ke4 Bd4 46.
Ng4 Bc3 47. Kd3 {.} 1/2-1/2

[Event "21st Open"]
[Site "Oberwart"]
[Date "1999.07.12"]
[Round "3.5"]
[White "ULYBIN, Mikhail"]
[Black "GAERTNER, Guntram"]
[Result "1-0"]
[WhiteElo "2562"]
[BlackElo "2336"]
[PlyCount "113"]
[EventDate "1999.07.12"]

1. d4 d5 2. c4 c6 3. Nc3 Nf6 4. e3 Bf5 5. cxd5 Nxd5 6. Nf3 e6 7. Bc4 Be7 8. O-O
Nd7 9. Qe2 N7f6 10. Ne5 Ne4 11. Nxe4 Bxe4 12. f3 Bg6 13. Rd1 Nb6 14. Bb3 Nd7
15. e4 Nxe5 16. dxe5 Qa5 17. f4 Rd8 18. Rf1 Qb5 19. Qxb5 cxb5 20. f5 Bc5+ 21.
Kh1 Bh5 22. fxe6 fxe6 23. Bxe6 Rf8 24. Rxf8+ Kxf8 25. Bd5 h6 26. Bd2 Be2 27. b3
b6 28. h3 b4 29. Re1 Bd3 30. Be3 Ke7 31. Bxc5+ bxc5 32. Rc1 Rc8 33. Kg1 a5 34.
Kf2 Bb5 35. Ke3 a4 36. h4 a3 37. Rc2 Bd7 38. g3 Bb5 39. g4 Bd7 40. Kf4 Rf8+ 41.
Kg3 Rc8 42. Rc1 Bb5 43. Kf4 Rf8+ 44. Ke3 Rc8 45. h5 Ba6 46. g5 hxg5 47. Rg1 c4
48. Rxg5 Kf8 49. bxc4 Rxc4 50. Rg6 Rc3+ 51. Kd4 Be2 52. h6 gxh6 53. Rxh6 Rd3+
54. Kc5 b3 55. Bxb3 Bf3 56. Bd5 Rd2 57. Rf6+ 1-0

[Event "21st Open"]
[Site "Oberwart"]
[Date "1999.07.12"]
[Round "3.6"]
[White "STRAUSS, Anton"]
[Black "GALKIN, Alexander"]
[Result "0-1"]
[WhiteElo "2267"]
[BlackElo "2535"]
[PlyCount "116"]
[EventDate "1999.07.12"]

1. Nf3 d5 2. c4 e6 3. g3 c6 4. Bg2 Nf6 5. b3 Nbd7 6. O-O b6 7. Bb2 Be7 8. Nc3
O-O 9. Rc1 Ba6 10. Nd4 Bb7 11. cxd5 cxd5 12. Na4 a6 13. Qc2 Rc8 14. Qb1 Rxc1
15. Rxc1 b5 16. Nc3 Qb6 17. Nd1 b4 18. d3 a5 19. Nf3 Bd6 20. Qa1 a4 21. Ne5
axb3 22. Nxd7 Nxd7 23. axb3 Ra8 24. Qb1 h6 25. Ba1 Ra3 26. Bb2 Ra5 27. Ba1 Qa7
28. e3 Ra3 29. Bd4 Qa6 30. f4 e5 31. fxe5 Bxe5 32. Bh3 Bxd4 33. exd4 Nf6 34.
Ne3 Qa7 35. Nc2 Ra2 36. Kh1 Ra5 37. Qb2 Qb6 38. Ra1 Ba6 39. Rxa5 Qxa5 40. Bf1
Ng4 41. Kg1 Qb6 42. h3 Nf6 43. Kh2 h5 44. Ne3 Bb5 45. Ng2 Bd7 46. Qf2 Qa6 47.
Ne3 Qa1 48. Nf5 Bxf5 49. Qxf5 Qxd4 50. Qc8+ Kh7 51. Qf5+ g6 52. Qf4 Qc3 53. g4
hxg4 54. hxg4 Kg7 55. d4 Qe1 56. Bg2 Qh4+ 57. Bh3 Ne4 58. Kg2 Qg5 0-1

[Event "21st Open"]
[Site "Oberwart"]
[Date "1999.07.12"]
[Round "3.7"]
[White "LOGINOV, Valery"]
[Black "GLADYSZEV, Oleg"]
[Result "1-0"]
[WhiteElo "2530"]
[BlackElo "2329"]
[PlyCount "81"]
[EventDate "1999.07.12"]

1. Nf3 Nf6 2. g3 g6 3. c4 Bg7 4. Bg2 O-O 5. d4 d6 6. O-O Nbd7 7. Qc2 e5 8. Rd1
Qe7 9. Nc3 c6 10. e4 Re8 11. d5 c5 12. Rb1 Rf8 13. Bh3 Nb6 14. Bxc8 Raxc8 15.
b3 Qd7 16. Kg2 Nh5 17. h3 h6 18. Qe2 a6 19. Bd2 Qe8 20. b4 Nd7 21. bxc5 Nxc5
22. Be3 Na4 23. Nxa4 Qxa4 24. Nd2 Rc7 25. Bb6 Rd7 26. Qd3 Rc8 27. Rdc1 Re7 28.
c5 dxc5 29. Rc4 Qd7 30. Nb3 f5 31. Nxc5 Rxc5 32. Rxc5 Nf6 33. Rc7 Qd6 34. Rc8+
Re8 35. Rxe8+ Nxe8 36. Qc4 Qd7 37. d6+ Kh7 38. exf5 Nxd6 39. fxg6+ Kxg6 40. Qd5
Qc6 41. Qxc6 1-0

[Event "21st Open"]
[Site "Oberwart"]
[Date "1999.07.12"]
[Round "3.8"]
[White "SANDHU, Mario"]
[Black "GLEIZEROV, Evgeny"]
[Result "0-1"]
[WhiteElo "2248"]
[BlackElo "2520"]
[PlyCount "84"]
[EventDate "1999.07.12"]

1. e4 e6 2. d4 d5 3. Nd2 Nf6 4. e5 Nfd7 5. Bd3 c5 6. c3 Nc6 7. Ngf3 Be7 8. O-O
a5 9. b3 Qb6 10. Ba3 cxd4 11. Bxe7 Kxe7 12. cxd4 Nxd4 13. Nxd4 Qxd4 14. Nf3 Qb6
15. Qd2 h6 16. Rac1 Nb8 17. Qf4 Nc6 18. Qg4 g5 19. h4 Qb4 20. Qh5 gxh4 21. g3
Bd7 22. a3 Qxa3 23. Qxh4+ Ke8 24. Qf6 Rf8 25. Bb5 Qe7 26. Bxc6 Bxc6 27. Qxh6
Kd7 28. Qe3 Rh8 29. Rfd1 Rh5 30. Kg2 Rah8 31. Qb6 Qd8 32. Qc5 Qf8 33. Qxa5 Qh6
34. Rxc6 Kxc6 35. Nd4+ Kd7 36. Qb5+ Kd8 37. Nc6+ Ke8 38. Nb8+ Kf8 39. Nd7+ Kg7
40. Rd4 Rg5 41. Kf3 Rf5+ 42. Ke2 Qh5+ 0-1

[Event "21st Open"]
[Site "Oberwart"]
[Date "1999.07.12"]
[Round "3.9"]
[White "FARAGO, Ivan"]
[Black "ZELENIKA, Srdjan"]
[Result "1-0"]
[WhiteElo "2512"]
[BlackElo "2286"]
[PlyCount "77"]
[EventDate "1999.07.12"]

1. d4 Nf6 2. c4 g6 3. Nc3 Bg7 4. e4 d6 5. Be2 O-O 6. Nf3 e5 7. O-O Nc6 8. d5
Ne7 9. b4 a5 10. Ba3 Nh5 11. c5 axb4 12. Bxb4 Nf4 13. Nd2 Nxe2+ 14. Qxe2 dxc5
15. Bxc5 b6 16. Bb4 Ba6 17. Nb5 Re8 18. a4 Qd7 19. Rab1 c6 20. Bxe7 Rxe7 21.
dxc6 Qxc6 22. Rfc1 Qe6 23. Qe3 Bxb5 24. axb5 Rd7 25. Nf3 Rad8 26. h3 Rd3 27.
Qe2 Bf8 28. Rc6 R3d6 29. Rbc1 Bh6 30. R1c2 f6 31. Kh2 R8d7 32. Ne1 Qf7 33. R2c3
Bd2 34. Rd3 Rxd3 35. Nxd3 Ba5 36. Qc2 Kg7 37. f4 exf4 38. e5 f5 39. e6 {Klappe!
} 1-0

[Event "21st Open"]
[Site "Oberwart"]
[Date "1999.07.12"]
[Round "3.10"]
[White "HOLZER, Gerhard"]
[Black "CVITAN, Ognjen"]
[Result "0-1"]
[WhiteElo "2244"]
[BlackElo "2511"]
[PlyCount "60"]
[EventDate "1999.07.12"]

1. e4 c5 2. Nf3 e6 3. d4 cxd4 4. Nxd4 a6 5. Nc3 d6 6. Be2 Nf6 7. O-O Be7 8. Kh1
O-O 9. f4 Qc7 10. Qe1 b5 11. a3 Bb7 12. Bf3 Nbd7 13. e5 Ne8 14. Bxb7 Qxb7 15.
Rf3 g6 16. Rh3 Ng7 17. Qe3 Nf5 18. Nxf5 exf5 19. e6 Nf6 20. b3 Ng4 21. exf7+
Rxf7 22. Qd2 Bf6 23. Bb2 Rc8 24. Rf3 Bg7 25. h3 Nf6 26. Qxd6 Ne4 27. Qb4 Rfc7
28. Nd1 Rxc2 29. Rb1 Nd2 30. Bxg7 Nxf3 0-1

[Event "21st Open"]
[Site "Oberwart"]
[Date "1999.07.12"]
[Round "3.11"]
[White "KUMMER, Helmut"]
[Black "RUCK, Robert"]
[Result "1-0"]
[WhiteElo "2321"]
[BlackElo "2485"]
[PlyCount "103"]
[EventDate "1999.07.12"]

1. d4 Nf6 2. c4 g6 3. Nc3 d5 4. cxd5 Nxd5 5. e4 Nxc3 6. bxc3 Bg7 7. Nf3 c5 8.
Rb1 O-O 9. Be2 b6 10. O-O Qc7 11. Bg5 Bb7 12. Qd3 h6 13. Be3 Nd7 14. d5 Nf6 15.
Nd2 e6 16. c4 Rfe8 17. Rfe1 Rad8 18. Bf3 Nd7 19. Qa3 Kh7 20. g3 Bd4 21. Bg2 e5
22. Nb3 Ra8 23. Nc1 a5 24. Nd3 a4 25. Bh3 Bc8 26. Kg2 Nf6 27. Bxc8 Rexc8 28. f4
Ng4 29. Bd2 exf4 30. Bxf4 Ne5 31. Nxe5 Bxe5 32. Bxe5 Qxe5 33. Qf3 Kg7 34. Rxb6
Rab8 35. Reb1 Rxb6 36. Rxb6 Re8 37. Rb7 Qxe4 38. Rxf7+ Kg8 39. Rf8+ Kg7 40.
Rxe8 Qxe8 41. Qd3 Kf7 42. Qf3+ Kg7 43. d6 a3 44. Qd3 Qa8+ 45. Qd5 Qe8 46. Kf2
Qd7 47. Qe5+ Kf7 48. Qxc5 Qa4 49. Qd5+ Kf6 50. d7 Qc2+ 51. Kg1 Ke7 52. d8=Q#
1-0

[Event "21st Open"]
[Site "Oberwart"]
[Date "1999.07.12"]
[Round "3.13"]
[White "WEISS, Christian"]
[Black "WUKITS, Rene"]
[Result "1/2-1/2"]
[WhiteElo "2444"]
[BlackElo "2225"]
[PlyCount "48"]
[EventDate "1999.07.12"]

1. Nf3 Nf6 2. g3 b5 3. Bg2 Bb7 4. O-O e6 5. d3 Be7 6. e4 d6 7. Qe2 Nbd7 8. Nbd2
c5 9. d4 cxd4 10. Nxd4 a6 11. e5 Bxg2 12. exf6 Bxf1 13. fxe7 Qb6 14. Qg4 Bh3
15. Qxg7 Kxe7 16. Nc4 Rag8 17. Bg5+ Ke8 18. Qxh8 Rxh8 19. Nxb6 Nxb6 20. f3 e5
21. Ne2 Rg8 22. Be3 Nd5 23. Bd2 Bf5 24. Rc1 Kd7 {.} 1/2-1/2

[Event "21st Open"]
[Site "Oberwart"]
[Date "1999.07.12"]
[Round "3.14"]
[White "NEUSSNER, Siegfried"]
[Black "ZIMMERMAN, Yuri"]
[Result "1/2-1/2"]
[WhiteElo "2190"]
[BlackElo "2440"]
[PlyCount "103"]
[EventDate "1999.07.12"]

1. e4 d6 2. d4 Nf6 3. Nc3 g6 4. f4 Bg7 5. Nf3 c5 6. Bb5+ Bd7 7. e5 Ng4 8. Bxd7+
Qxd7 9. d5 dxe5 10. h3 e4 11. Nxe4 Nf6 12. Nxf6+ Bxf6 13. c4 O-O 14. O-O e6 15.
Ne5 Qd6 16. Qb3 Nd7 17. Qxb7 Nxe5 18. fxe5 Qxe5 19. Bh6 Rfb8 20. Qc6 Rc8 21.
Qa6 Re8 22. Rae1 Qxb2 23. dxe6 Bd4+ 24. Kh1 f5 25. Rb1 Qe2 26. Rbe1 Qb2 27. Rb1
Qe2 28. Rbe1 Qh5 29. Bf4 Qh4 30. Be5 Qe7 31. Bxd4 cxd4 32. Rf3 Rad8 33. Rd3 Rd6
34. Qa5 Qb7 35. Qc5 Rdxe6 36. Rxe6 Rxe6 37. Qxd4 Re1+ 38. Kh2 Qc7+ 39. Qd6
Qxd6+ 40. Rxd6 Re7 41. Ra6 Rc7 42. Kg3 Kf7 43. Kf3 Ke7 44. Ke3 Rxc4 45. Rxa7+
Kf6 46. Rxh7 Rc3+ 47. Kf2 Rc2+ 48. Kf3 Rc3+ 49. Kf2 Ra3 50. Rb7 Rxa2+ 51. Kf3
Ra3+ 52. Kf2 {.} 1/2-1/2

[Event "21st Open"]
[Site "Oberwart"]
[Date "1999.07.12"]
[Round "3.15"]
[White "KUPREICHIK, Viktor"]
[Black "WADSACK, Wolfgang"]
[Result "1-0"]
[WhiteElo "2429"]
[BlackElo "2178"]
[PlyCount "53"]
[EventDate "1999.07.12"]

1. e4 e6 2. d4 d5 3. e5 c5 4. c3 Nc6 5. Be3 Qb6 6. Qd2 Bd7 7. dxc5 Bxc5 8. Bxc5
Qxc5 9. Nf3 Nge7 10. Bd3 Ng6 11. Bxg6 hxg6 12. Qf4 Rc8 13. Nbd2 Qe7 14. O-O Na5
15. Rad1 b6 16. Rfe1 Bc6 17. Re3 Rc7 18. Ng5 Rd7 19. Ndf3 Rh5 20. h4 Rc7 21.
Nd4 Nc4 22. Re2 a6 23. b3 Na5 24. Rd3 Bd7 25. Rf3 Bb5 26. Qg4 Nc6 27. Rxf7 1-0

[Event "21st Open"]
[Site "Oberwart"]
[Date "1999.07.12"]
[Round "3.16"]
[White "STEINER, Bruno"]
[Black "BAUMEGGER, Siegfried"]
[Result "0-1"]
[WhiteElo "2175"]
[BlackElo "2409"]
[PlyCount "90"]
[EventDate "1999.07.12"]

1. e4 c5 2. Nf3 Nc6 3. d4 cxd4 4. Nxd4 e6 5. Nc3 Qc7 6. Be2 a6 7. O-O Nf6 8.
Nxc6 bxc6 9. f4 d6 10. Kh1 Be7 11. Qe1 O-O 12. Qg3 Nd7 13. e5 f5 14. exd6 Bxd6
15. Be3 Nf6 16. Rad1 Nd5 17. Nxd5 exd5 18. c4 Qf7 19. cxd5 cxd5 20. Bd4 Re8 21.
Bd3 Bd7 22. Rfe1 Bb5 23. Bxf5 g6 24. Bc2 Be2 25. Rxe2 Rxe2 26. Bb3 Rd8 27. Qf3
Re4 28. Qxe4 dxe4 29. Bxf7+ Kxf7 30. Bb6 Rc8 31. Be3 Ke6 32. Rc1 Rxc1+ 33. Bxc1
Kd5 34. Be3 Kc4 35. Kg1 Kd3 36. Kf2 Kc2 37. Bd4 Bxf4 38. g3 Bc1 39. Ke2 Bxb2
40. Bc5 Bc1 41. Bd4 a5 42. h4 h5 43. Bf6 a4 44. Bg7 a3 45. Bf8 Kb2 0-1

[Event "21st Open"]
[Site "Oberwart"]
[Date "1999.07.12"]
[Round "3.17"]
[White "GOMBOC, Miha"]
[Black "MARTINOVIC, Slobodan"]
[Result "1/2-1/2"]
[WhiteElo "2117"]
[BlackElo "2445"]
[PlyCount "36"]
[EventDate "1999.07.12"]

1. e4 c5 2. Nf3 e6 3. d4 cxd4 4. Nxd4 a6 5. Bd3 Qb6 6. Nb3 Qc7 7. O-O Nf6 8.
Nc3 d6 9. Bg5 Be7 10. Qe2 Nc6 11. f4 b5 12. Rae1 h6 13. Bh4 Nxe4 14. Nxe4 Bxh4
15. Qg4 Bf6 16. Nxf6+ gxf6 17. Qg7 Rf8 18. Qxf6 Bb7 {.} 1/2-1/2